[Event "Bucharest Grand Prix op"]
[Site "Bucharest"]
[Date "2024.03.23"]
[Round "2"]
[White "Grigore, George Gabriel"]
[Black "Maria, Lia Alexandra"]
[Result "1-0"]
[WhiteElo "2423"]
[BlackElo "1996"]
[PlyCount "63"]
[EventDate "2024.03.23"]
[EventType "swiss (rapid)"]
[EventRounds "10"]
[EventCountry "ROU"]
[SourceTitle "CB13_2024"]
[SourceDate "2024.03.27"]
[SourceVersion "1"]
[SourceVersionDate "2024.03.27"]
[SourceQuality "1"]

1. d4 Nf6 2. c4 e6 3. Nc3 Bb4 4. Qc2 c5 5. dxc5 0-0 6. a3 Bxc5 7. Nf3 b6 8. Bg5 Bb7 9. e3 Be7 10. Be2 d6 11. 0-0 Nbd7 12. Rfd1 a6 13. Rac1 Qc7 14. Qb1 Rac8 15. b4 Rfd8 16. Nd2 Qb8 17. Bf1 h6 18. Bh4 Ne5 19. Nce4 Nxe4 20. Bxe7 Nxd2 21. Rxd2 Rd7 22. Bh4 Qc7 23. Bg3 Qc6 24. Bxe5 dxe5 25. Rxd7 Qxd7 26. Rd1 Qc6 27. Qd3 b5 28. cxb5 axb5 29. Qxb5 Qe4 30. Qd3 Qg4 31. h3 Qg5 32. Qd7 1-0

[Event "ROM-chT"]
[Site "Eforie Nord"]
[Date "2023.09.21"]
[Round "1.2"]
[White "Grigore, George Gabriel"]
[Black "Miron, Lucian Costin"]
[Result "1/2-1/2"]
[WhiteElo "2430"]
[BlackElo "2483"]
[PlyCount "60"]
[EventDate "2023.09.21"]
[EventType "team-tourn"]
[EventRounds "9"]
[EventCountry "ROU"]
[SourceTitle "EXT 2024"]
[Source "ChessBase"]
[SourceDate "2023.10.10"]
[SourceVersion "1"]
[SourceVersionDate "2023.10.10"]
[SourceQuality "1"]
[WhiteTeam "Baia Mare Municipiului"]
[BlackTeam "Timisoara Vest Univ"]
[WhiteTeamCountry "ROU"]
[BlackTeamCountry "ROU"]

1. d4 Nf6 2. c4 e6 3. Nc3 Bb4 4. Qc2 d5 5. cxd5 exd5 6. Bg5 c5 7. dxc5 h6 8. Bh4 0-0 9. e3 Be6 10. Nf3 Nbd7 11. c6 bxc6 12. Be2 Qa5 13. 0-0 Bxc3 14. Qxc3 Qxc3 15. bxc3 Rab8 16. Rfc1 Rb2 17. Bf1 c5 18. c4 Ne4 19. Ne1 g5 20. Bg3 Rc8 21. cxd5 Bxd5 22. Bc4 Bxc4 23. Rxc4 Nxg3 24. hxg3 Nb6 25. Rc2 Rxc2 26. Nxc2 Rd8 27. Kf1 Rd2 28. Rc1 c4 29. Na3 Rxa2 30. Nxc4 Nxc4 1/2-1/2

[Event "Satu Mare Szabo Memorial GM"]
[Site "Satu Mare"]
[Date "2023.08.17"]
[Round "5"]
[White "Grigore, George Gabriel"]
[Black "Ognean, Mihnea Ionut"]
[Result "0-1"]
[WhiteElo "2461"]
[BlackElo "2355"]
[PlyCount "116"]
[EventDate "2023.08.14"]
[EventType "tourn"]
[EventRounds "9"]
[EventCountry "ROU"]
[EventCategory "6"]
[SourceTitle "CBM 215 Extra"]
[Source "ChessBase"]
[SourceDate "2023.09.30"]
[SourceVersion "1"]
[SourceVersionDate "2023.09.30"]
[SourceQuality "1"]

1. d4 Nf6 2. c4 e6 3. Nc3 Bb4 4. Qc2 d5 5. cxd5 exd5 6. Bg5 h6 7. Bh4 Nc6 8. e3 g5 9. Bg3 h5 10. Bb5 h4 11. Be5 0-0 12. Bxf6 Qxf6 13. a3 Bf5 14. Bd3 Bxc3+ 15. bxc3 Bxd3 16. Qxd3 Rae8 17. h3 Na5 18. Nf3 Nc4 19. 0-0 Kg7 20. Nd2 Nxd2 21. Qxd2 Qe6 22. e4 f6 23. e5 Qf5 24. f4 g4 25. hxg4 Qxg4 26. Qe3 Kf7 27. f5 Rg8 28. Ra2 Rg5 29. Qf3 c6 30. e6+ Ke7 31. Rb2 b6 32. Qxg4 Rxg4 33. Rf3 Reg8 34. Kh2 Re4 35. a4 Kd6 36. Rd2 a5 37. Rb2 b5 38. Rff2 Rb8 39. Kh3 b4 40. Rf3 b3 41. g3 c5 42. dxc5+ Kxc5 43. gxh4 Rxa4 44. Rg3 Re4 45. Rg7 a4 46. Rc7+ Kd6 47. Rd7+ Kc6 48. Ra7 Rg8 49. Rd2 Re3+ 50. Kh2 Rg4 51. e7 Rxh4+ 52. Kg2 Rhe4 53. Kf2 Rxe7 54. Rxa4 Rxc3 55. Ra6+ Kb5 56. Re6 Rc2 57. Ke2 Rxe6+ 58. fxe6 Kc6 0-1

[Event "Satu Mare Szabo Memorial GM"]
[Site "Satu Mare"]
[Date "2023.08.16"]
[Round "4"]
[White "Stoleriu, George"]
[Black "Grigore, George Gabriel"]
[Result "1-0"]
[WhiteElo "2398"]
[BlackElo "2461"]
[PlyCount "67"]
[EventDate "2023.08.14"]
[EventType "tourn"]
[EventRounds "9"]
[EventCountry "ROU"]
[EventCategory "6"]
[SourceTitle "CBM 215 Extra"]
[Source "ChessBase"]
[SourceDate "2023.09.30"]
[SourceVersion "1"]
[SourceVersionDate "2023.09.30"]
[SourceQuality "1"]

1. e4 c5 2. Nf3 Nc6 3. Bb5 g6 4. 0-0 Bg7 5. Re1 Nf6 6. e5 Nd5 7. Nc3 Nc7 8. Bxc6 dxc6 9. Ne4 Ne6 10. d3 0-0 11. Be3 b6 12. Qd2 Nd4 13. Nxd4 cxd4 14. Bh6 c5 15. Ng3 f5 16. exf6 exf6 17. Re2 a5 18. Rae1 Ra7 19. f3 Raf7 20. h4 Bb7 21. h5 Bd5 22. a3 Qd7 23. hxg6 hxg6 24. Kf2 g5 25. Bxg7 Kxg7 26. Re7 Qc8 27. R7e5 Rd8 28. Nf5+ Kh8 29. Rh1+ Rh7 30. Qe1 Bg8 31. Ne7 Qb8 32. Ng6+ Kg7 33. Re7+ Kxg6 34. Rhxh7 1-0

[Event "Satu Mare Szabo Memorial GM"]
[Site "Satu Mare"]
[Date "2023.08.15"]
[Round "2"]
[White "Pribelszky, Bence"]
[Black "Grigore, George Gabriel"]
[Result "1/2-1/2"]
[WhiteElo "2413"]
[BlackElo "2461"]
[PlyCount "61"]
[EventDate "2023.08.14"]
[EventType "tourn"]
[EventRounds "9"]
[EventCountry "ROU"]
[EventCategory "6"]
[SourceTitle "CBM 215 Extra"]
[Source "ChessBase"]
[SourceDate "2023.09.30"]
[SourceVersion "1"]
[SourceVersionDate "2023.09.30"]
[SourceQuality "1"]

1. e4 c5 2. Nf3 Nc6 3. Nc3 g6 4. d4 cxd4 5. Nxd4 Bg7 6. Be3 Nf6 7. Bc4 Qa5 8. 0-0 0-0 9. Bb3 d6 10. h3 Bd7 11. Re1 Rfc8 12. Nd5 Qd8 13. Bg5 Nxd5 14. Nxc6 bxc6 15. exd5 c5 16. Bxe7 Qb6 17. Bc4 Re8 18. Rb1 Bf5 19. g4 Qc7 20. Bg5 Rxe1+ 21. Qxe1 Bxc2 22. Rc1 Ba4 23. Qd2 Re8 24. b3 Bd7 25. Re1 Rxe1+ 26. Qxe1 Be5 27. Kg2 f6 28. Be3 f5 29. Bg5 Qc8 30. f4 Bg7 31. gxf5 1/2-1/2

[Event "ROM-chT"]
[Site "Oradea"]
[Date "2022.09.27"]
[Round "7.4"]
[White "Padurariu, Mihai Edward"]
[Black "Grigore, George Gabriel"]
[Result "1/2-1/2"]
[WhiteElo "2263"]
[BlackElo "2455"]
[PlyCount "29"]
[EventDate "2022.09.21"]
[EventType "team-tourn"]
[EventRounds "9"]
[EventCountry "ROU"]
[SourceTitle "EXT 2024"]
[Source "ChessBase"]
[SourceDate "2023.10.10"]
[SourceVersion "1"]
[SourceVersionDate "2023.10.10"]
[SourceQuality "1"]
[WhiteTeam "Targoviste"]
[BlackTeam "Baia Mare Municipiului"]
[WhiteTeamCountry "ROU"]
[BlackTeamCountry "ROU"]

1. d4 Nf6 2. Nf3 g6 3. Nbd2 c5 4. dxc5 Qa5 5. a3 Qxc5 6. b4 Qc7 7. Bb2 Bg7 8. e3 d6 9. Be2 b6 10. c4 0-0 11. 0-0 Bb7 12. Qb3 Nbd7 13. Rfc1 Rac8 14. Bc3 Ne4 15. Bxg7 1/2-1/2

[Event "ROM-chT"]
[Site "Oradea"]
[Date "2022.09.23"]
[Round "3.5"]
[White "Grigore, George Gabriel"]
[Black "Miroshnichenko, Evgenij"]
[Result "1/2-1/2"]
[WhiteElo "2455"]
[BlackElo "2597"]
[PlyCount "36"]
[EventDate "2022.09.21"]
[EventType "team-tourn"]
[EventRounds "9"]
[EventCountry "ROU"]
[SourceTitle "EXT 2024"]
[Source "ChessBase"]
[SourceDate "2023.10.10"]
[SourceVersion "1"]
[SourceVersionDate "2023.10.10"]
[SourceQuality "1"]
[WhiteTeam "Baia Mare Municipiului"]
[BlackTeam "Iasi Politehnica"]
[WhiteTeamCountry "ROU"]
[BlackTeamCountry "ROU"]

1. d4 Nf6 2. c4 e6 3. Nc3 Bb4 4. Qc2 d5 5. cxd5 exd5 6. Bg5 h6 7. Bh4 g5 8. Bg3 Ne4 9. e3 h5 10. f3 Bxc3+ 11. bxc3 Nxg3 12. hxg3 Qd6 13. g4 h4 14. Bd3 c5 15. Nh3 Rg8 16. 0-0 Nc6 17. Rab1 b6 18. Rfe1 Be6 1/2-1/2

[Event "Baia Mare Limpedea Cup 5th"]
[Site "Baia Mare"]
[Date "2022.08.01"]
[Round "1"]
[White "Miszler, Levente"]
[Black "Grigore, George Gabriel"]
[Result "1/2-1/2"]
[WhiteElo "2252"]
[BlackElo "2467"]
[PlyCount "30"]
[EventDate "2022.08.01"]
[EventType "tourn"]
[EventRounds "9"]
[EventCountry "ROU"]
[EventCategory "7"]
[SourceTitle "EXT 2024"]
[Source "ChessBase"]
[SourceDate "2023.10.10"]
[SourceVersion "1"]
[SourceVersionDate "2023.10.10"]
[SourceQuality "1"]

1. d4 Nf6 2. c4 g6 3. Nc3 Bg7 4. e4 d6 5. h3 0-0 6. Be3 e5 7. d5 a5 8. g4 Na6 9. Nge2 h5 10. f3 Nh7 11. Qd2 Qh4+ 12. Bf2 Qg5 13. Be3 Qh4+ 14. Bf2 Qg5 15. Be3 Qh4+ 1/2-1/2

[Event "ROM-chT"]
[Site "Mamaia"]
[Date "2021.10.08"]
[Round "9.5"]
[White "Grigore, George Gabriel"]
[Black "Nastore, Pavel Alexandru"]
[Result "1/2-1/2"]
[WhiteElo "2477"]
[BlackElo "2242"]
[PlyCount "118"]
[EventDate "2021.10.02"]
[EventType "team-tourn"]
[EventRounds "11"]
[EventCountry "ROU"]
[SourceTitle "CBM 204 Extra"]
[Source "ChessBase"]
[SourceDate "2021.11.30"]
[SourceVersion "1"]
[SourceVersionDate "2021.11.30"]
[SourceQuality "1"]
[WhiteTeam "Baia Mare Municipiului"]
[BlackTeam "Buzau Phoenix"]
[WhiteTeamCountry "ROU"]
[BlackTeamCountry "ROU"]

1. d4 Nf6 2. c4 e6 3. Nc3 Bb4 4. Qc2 d5 5. cxd5 exd5 6. Bg5 h6 7. Bxf6 Qxf6 8. e3 c6 9. a3 Bf5 10. Qb3 Bxc3+ 11. bxc3 b6 12. Nf3 0-0 13. Be2 Nd7 14. a4 Qd6 15. 0-0 Rfc8 16. Rfd1 a6 17. c4 Be6 18. Rac1 dxc4 19. Bxc4 Bxc4 20. Rxc4 b5 21. Rcc1 Qd5 22. Qxd5 cxd5 23. Rxc8+ Rxc8 24. axb5 axb5 25. Rb1 Rb8 26. Ne1 Nf6 27. f3 Kf8 28. Nd3 Ke7 29. Kf2 Kd6 30. Ke2 Ng8 31. Ra1 Rb6 32. Nc5 b4 33. Kd2 Ne7 34. Ra7 b3 35. Kc1 Nf5 36. Rxf7 Nxe3 37. Rxg7 Nf5 38. Rg6+ Kc7 39. Rxb6 Kxb6 40. Nxb3 Nh4 41. Kd2 Nxg2 42. Nc5 Kc6 43. Nd3 Kd6 44. Ne5 Nh4 45. Ke2 Ke6 46. Ng4 Nf5 47. Kd3 Nh4 48. Ke2 Nf5 49. Kd3 Nh4 50. Nxh6 Nxf3 51. Ng4 Kf5 52. Ne3+ Kg5 53. Nf1 Kf4 54. Ne3 Nxh2 55. Nxd5+ Kf5 56. Ne3+ Kf4 57. d5 Ke5 58. Kc4 Kd6 59. Nf5+ Kd7 1/2-1/2

[Event "ROM-chT"]
[Site "Mamaia"]
[Date "2019.09.25"]
[Round "5.4"]
[White "Grigore, George Gabriel"]
[Black "Svetushkin, Dmitry"]
[Result "0-1"]
[WhiteElo "2491"]
[BlackElo "2534"]
[PlyCount "72"]
[EventDate "2019.09.21"]
[EventType "team-tourn"]
[EventRounds "9"]
[EventCountry "ROU"]
[SourceTitle "EXT 2020"]
[Source "ChessBase"]
[SourceDate "2019.10.17"]
[SourceVersion "1"]
[SourceVersionDate "2019.10.17"]
[SourceQuality "1"]
[WhiteTeam "Baia Mare Municipiului"]
[BlackTeam "Iasi Politehnica"]
[WhiteTeamCountry "ROU"]
[BlackTeamCountry "ROU"]

1. d4 d5 2. c4 c6 3. Nc3 Nf6 4. cxd5 cxd5 5. Bf4 Nc6 6. e3 Bg4 7. f3 Bd7 8. Bd3 e6 9. g4 Bb4 10. Nge2 Qe7 11. a3 e5 12. dxe5 Bxc3+ 13. Nxc3 Nxe5 14. Be2 Bc6 15. Qd4 Ned7 16. Rd1 0-0 17. h4 Nc5 18. Qe5 Ne6 19. Bg3 Rfe8 20. Rh2 Rad8 21. h5 d4 22. exd4 Nd5 23. Kf1 Nxc3 24. bxc3 Qxa3 25. d5 Nc5 26. Qf5 Ba4 27. Re1 Qxc3 28. d6 Bc6 29. g5 Bd7 30. Qd5 Be6 31. Qd1 Ne4 32. Bf4 Nxd6 33. Qa1 Qb4 34. Be5 Nc4 35. Bxg7 Ne3+ 36. Kg1 Nc2 0-1

[Event "ROM-chT"]
[Site "Mamaia"]
[Date "2019.09.22"]
[Round "2.1"]
[White "Rogozenco, Dorian"]
[Black "Grigore, George Gabriel"]
[Result "1/2-1/2"]
[WhiteElo "2491"]
[BlackElo "2491"]
[PlyCount "39"]
[EventDate "2019.09.21"]
[EventType "team-tourn"]
[EventRounds "9"]
[EventCountry "ROU"]
[SourceTitle "EXT 2020"]
[Source "ChessBase"]
[SourceDate "2019.10.17"]
[SourceVersion "1"]
[SourceVersionDate "2019.10.17"]
[SourceQuality "1"]
[WhiteTeam "Timisoara Medicina"]
[BlackTeam "Baia Mare Municipiului"]
[WhiteTeamCountry "ROU"]
[BlackTeamCountry "ROU"]

1. d4 d5 2. c4 e6 3. Nc3 Nf6 4. Bg5 Be7 5. e3 0-0 6. Rc1 h6 7. Bh4 c6 8. Qc2 Ne4 9. Bxe7 Qxe7 10. Bd3 Nxc3 11. Qxc3 Nd7 12. cxd5 exd5 13. Ne2 Nf6 14. Qc5 Qxc5 15. Rxc5 a5 16. f3 Re8 17. Kd2 Bd7 18. g4 Re7 19. Ng3 g6 20. Rc3 1/2-1/2

[Event "ROM-chT"]
[Site "Mamaia"]
[Date "2019.09.21"]
[Round "1.5"]
[White "Ionescu, Constantin"]
[Black "Grigore, George Gabriel"]
[Result "1-0"]
[WhiteElo "2426"]
[BlackElo "2491"]
[PlyCount "111"]
[EventDate "2019.09.21"]
[EventType "team-tourn"]
[EventRounds "9"]
[EventCountry "ROU"]
[SourceTitle "EXT 2020"]
[Source "ChessBase"]
[SourceDate "2019.10.17"]
[SourceVersion "1"]
[SourceVersionDate "2019.10.17"]
[SourceQuality "1"]
[WhiteTeam "Techirghiol Victoria"]
[BlackTeam "Baia Mare Municipiului"]
[WhiteTeamCountry "ROU"]
[BlackTeamCountry "ROU"]

1. Nf3 Nf6 2. c4 g6 3. b3 Bg7 4. Bb2 d6 5. e3 0-0 6. Be2 e5 7. 0-0 Re8 8. Nc3 c6 9. Na4 Nbd7 10. Rc1 a6 11. c5 e4 12. Ne1 Nxc5 13. Nxc5 dxc5 14. Rxc5 Bf5 15. Rc2 h5 16. d3 Qd6 17. dxe4 Qxd1 18. Bxd1 Bxe4 19. Re2 Nd5 20. Bxg7 Kxg7 21. Rb2 Rad8 22. Bc2 f5 23. Bxe4 fxe4 24. Nc2 Nc3 25. Nd4 Nb5 26. Ne2 Rd3 27. h4 Re7 28. Nf4 Rd6 29. Rc1 Re5 30. a4 Nc7 31. b4 Kf6 32. Kf1 Ne6 33. g3 Nc7 34. Ke1 Re7 35. Rc4 Re5 36. Ne2 Kf5 37. Nd4+ Kf6 38. Nb3 Ne6 39. Nd2 Kf5 40. Rc1 Rd7 41. Nc4 Rd3 42. Nxe5 Kxe5 43. b5 axb5 44. axb5 c5 45. Ke2 b6 46. f3 Ra3 47. f4+ Kf6 48. Rc4 Ng7 49. Rxe4 Nf5 50. Re8 Kf7 51. Rb8 Rxe3+ 52. Kf2 Re6 53. Ra2 Rd6 54. Ra6 Rd2+ 55. Ke1 Rb2 56. Raxb6 1-0

[Event "ROM-chT"]
[Site "Sovata"]
[Date "2018.12.02"]
[Round "9.3"]
[White "Grigore, George Gabriel"]
[Black "Svetushkin, Dmitry"]
[Result "0-1"]
[WhiteElo "2488"]
[BlackElo "2605"]
[PlyCount "108"]
[EventDate "2018.11.24"]
[EventType "team-tourn"]
[EventRounds "9"]
[EventCountry "ROU"]
[SourceTitle "CBM 187 Extra"]
[Source "ChessBase"]
[SourceDate "2018.11.04"]
[SourceVersion "1"]
[SourceVersionDate "2018.11.04"]
[SourceQuality "1"]
[WhiteTeam "Baia Mare Municipiului"]
[BlackTeam "Iasi Politehnica"]
[WhiteTeamCountry "ROU"]
[BlackTeamCountry "ROU"]

1. d4 d5 2. c4 c6 3. Nf3 Nf6 4. cxd5 cxd5 5. Nc3 Nc6 6. Bf4 a6 7. Rc1 Bf5 8. e3 Rc8 9. Ne5 Bd7 10. Be2 e6 11. 0-0 Be7 12. Bg5 0-0 13. f4 Ne8 14. Bxe7 Nxe7 15. Bd3 Nd6 16. Qh5 g6 17. Qe2 f6 18. Nf3 Qb6 19. Rc2 Rc7 20. Rfc1 Rfc8 21. Nd2 Nb5 22. Nb3 Nxc3 23. Rxc3 Rxc3 24. Rxc3 Rxc3 25. bxc3 Bb5 26. Bxb5 axb5 27. Qb2 Qc7 28. Nd2 Qc6 29. Qb4 Nf5 30. Kf2 h5 31. a3 b6 32. Ke2 Kf7 33. Kf2 Nd6 34. Ke2 Ke7 35. Kf2 Kd7 36. Ke2 Qa8 37. Qb3 Kc6 38. Qb4 Qa6 39. Ke1 Qa4 40. Qb2 h4 41. h3 Nc4 42. Nxc4 bxc4 43. Kf2 Qb3 44. Qa1 Kb5 45. a4+ Ka5 46. Kg1 Qxa4 47. Qe1 Qa3 48. Kh2 b5 49. Qd2 f5 50. Qc2 b4 51. cxb4+ Kxb4 52. Qb1+ Qb3 53. Qa1 c3 54. Qa7 Qa4 0-1

[Event "ROM-chT"]
[Site "Sovata"]
[Date "2018.11.29"]
[Round "6.2"]
[White "Vasilescu, Lucian Mihail"]
[Black "Grigore, George Gabriel"]
[Result "0-1"]
[WhiteElo "2197"]
[BlackElo "2488"]
[PlyCount "96"]
[EventDate "2018.11.24"]
[EventType "team-tourn"]
[EventRounds "9"]
[EventCountry "ROU"]
[SourceTitle "CBM 187 Extra"]
[Source "ChessBase"]
[SourceDate "2018.11.04"]
[SourceVersion "1"]
[SourceVersionDate "2018.11.04"]
[SourceQuality "1"]
[WhiteTeam "Otopeni"]
[BlackTeam "Baia Mare Municipiului"]
[WhiteTeamCountry "ROU"]
[BlackTeamCountry "ROU"]

1. g3 g6 2. Bg2 Bg7 3. c4 Nf6 4. Nc3 d6 5. e4 0-0 6. Nge2 e5 7. 0-0 a6 8. h3 c6 9. d3 b5 10. a3 Nbd7 11. Be3 Rb8 12. b3 Bb7 13. Rb1 Qe7 14. b4 Ba8 15. cxb5 cxb5 16. a4 Rfc8 17. axb5 axb5 18. Qb3 Bc6 19. Ra1 Nb6 20. Ra5 Na4 21. Rc1 Be8 22. Qa3 Bf8 23. Bg5 Qe6 24. h4 h5 25. Bxf6 Qxf6 26. Bh3 Rc6 27. Nd5 Qf3 28. Re1 Kg7 29. Nef4 Rc2 30. Rf1 exf4 31. Rxa4 fxg3 32. Qa1+ f6 33. Ra7+ Kh6 34. Qxf6 gxf2+ 35. Kh2 Qxf6 36. Nxf6 Bg7 37. Ng8+ Kh7 38. Ne7 Bd4 39. Ra6 Rb7 40. Nc8 Rc6 41. Rxc6 Bxc6 42. Kg2 d5 43. Rc1 Bd7 44. exd5 Bxh3+ 45. Kxh3 Be3 46. Rf1 Rd7 47. Kg2 Rxd5 48. Ra1 Rxd3 0-1

[Event "ROM-chT"]
[Site "Sovata"]
[Date "2018.11.26"]
[Round "3.5"]
[White "Rogozenco, Dorian"]
[Black "Grigore, George Gabriel"]
[Result "1/2-1/2"]
[WhiteElo "2495"]
[BlackElo "2488"]
[PlyCount "70"]
[EventDate "2018.11.24"]
[EventType "team-tourn"]
[EventRounds "9"]
[EventCountry "ROU"]
[SourceTitle "CBM 187 Extra"]
[Source "ChessBase"]
[SourceDate "2018.11.04"]
[SourceVersion "1"]
[SourceVersionDate "2018.11.04"]
[SourceQuality "1"]
[WhiteTeam "Timisoara Medicina"]
[BlackTeam "Baia Mare Municipiului"]
[WhiteTeamCountry "ROU"]
[BlackTeamCountry "ROU"]

1. d4 d5 2. Nf3 Nf6 3. c4 e6 4. Nc3 Be7 5. Bg5 h6 6. Bh4 0-0 7. e3 Ne4 8. Bxe7 Qxe7 9. Rc1 c6 10. Bd3 Nxc3 11. Rxc3 dxc4 12. Bxc4 Nd7 13. 0-0 b6 14. Qe2 a5 15. Bd3 c5 16. Rfc1 Bb7 17. Bb5 Rad8 18. Bxd7 Bxf3 19. Qxf3 cxd4 20. Rb3 Rxd7 21. Rxb6 Qd8 22. Rb3 d3 23. Rd1 d2 24. Qe2 Rd5 25. Rc3 Qd6 26. Rc2 Rd8 27. g3 g6 28. Kg2 Kg7 29. b3 Rd7 30. Qc4 Kh7 31. Qc3 e5 32. Qc6 Qb4 33. Qc3 Qd6 34. Qc6 Qb4 35. Qc3 Qd6 1/2-1/2

[Event "Sao Martinho do Porto op 1st"]
[Site "Sao Martinho do Porto"]
[Date "2018.09.18"]
[Round "6"]
[White "Morais, Vitor Mestre"]
[Black "Grigore, George Gabriel"]
[Result "0-1"]
[WhiteElo "1893"]
[BlackElo "2486"]
[PlyCount "94"]
[EventDate "2018.09.15"]
[EventType "swiss"]
[EventRounds "9"]
[EventCountry "POR"]
[SourceTitle "CBM 186 Extra"]
[Source "ChessBase"]
[SourceDate "2018.08.24"]
[SourceVersion "1"]
[SourceVersionDate "2018.08.24"]
[SourceQuality "1"]

1. b3 e5 2. Bb2 Nc6 3. e3 d6 4. c4 g6 5. Nf3 Bg7 6. Be2 f5 7. d3 Nf6 8. 0-0 0-0 9. a3 h6 10. Nc3 g5 11. Nd2 Be6 12. b4 Ne7 13. Rc1 Ng6 14. Qc2 g4 15. Rfd1 Rf7 16. f3 f4 17. Nf1 Qc8 18. Ne4 gxf3 19. Bxf3 Nh4 20. Nxf6+ Rxf6 21. Be4 f3 22. gxf3 Nxf3+ 23. Kh1 Ng5 24. Bg2 Bg4 25. Rd2 Bf3 26. Ng3 Qh3 27. Rf1 Bxg2+ 28. Rxg2 Rxf1+ 29. Nxf1 Rf8 30. Qe2 Rf7 31. Nd2 c6 32. Rf2 Rxf2 33. Qxf2 Qg4 34. Qf1 a6 35. Qe1 h5 36. Bc3 h4 37. Qg1 Qh5 38. c5 d5 39. Qf1 h3 40. Kg1 Qg4+ 41. Kf2 d4 42. exd4 exd4 43. Bb2 Qf4+ 44. Ke1 Qxh2 45. Qf5 Qg3+ 46. Kd1 h2 47. Qc8+ Bf8 0-1

[Event "ROM-chT "]
[Site "Mamaia"]
[Date "2015.10.09"]
[Round "7.2"]
[White "Grigore, George Gabriel"]
[Black "Baratosi, Daniel"]
[Result "1/2-1/2"]
[WhiteElo "2484"]
[BlackElo "2394"]
[PlyCount "46"]
[EventDate "2015.10.03"]
[EventType "team-tourn"]
[EventRounds "9"]
[EventCountry "ROU"]
[SourceTitle "CBM 168 Extra"]
[Source "ChessBase"]
[SourceDate "2015.10.29"]
[SourceVersion "1"]
[SourceVersionDate "2015.10.29"]
[SourceQuality "1"]
[WhiteTeam "Baia Mare"]
[BlackTeam "Ploiesti CSU"]
[WhiteTeamCountry "ROU"]
[BlackTeamCountry "ROU"]

1. d4 g6 2. c4 Nf6 3. Nc3 Bg7 4. e4 d6 5. Nf3 0-0 6. Be2 Na6 7. 0-0 e5 8. Re1 c6 9. d5 Nc5 10. Bf1 a5 11. b3 Qe7 12. Rb1 Bd7 13. a3 cxd5 14. cxd5 Rfc8 15. b4 axb4 16. Rxb4 Qf8 17. Bb2 Bh6 18. Nd2 Rc7 19. Nc4 Be8 20. Nb6 Ra5 21. Nc4 Ra8 22. Nb6 Ra5 23. Nc4 Ra8 1/2-1/2

[Event "Condom"]
[Site "Condom"]
[Date "2011.07.11"]
[Round "5"]
[White "Grigore, George Gabriel"]
[Black "Lagarde, Maxime"]
[Result "0-1"]
[WhiteElo "2488"]
[BlackElo "2435"]
[PlyCount "54"]
[EventDate "2011.07.07"]
[EventType "tourn"]
[EventRounds "10"]
[EventCountry "FRA"]
[EventCategory "8"]
[SourceTitle "CBM 143 Extra"]
[Source "ChessBase"]
[SourceDate "2011.08.29"]
[SourceVersion "1"]
[SourceVersionDate "2011.08.29"]
[SourceQuality "1"]

1. d4 Nf6 2. c4 g6 3. Nc3 Bg7 4. e4 d6 5. Nf3 0-0 6. Be2 Nbd7 7. 0-0 e5 8. Re1 c6 9. Bf1 exd4 10. Nxd4 Re8 11. Bf4 Ne5 12. Qd2 Nh5 13. Bg5 Qb6 14. Rad1 Bg4 15. Be2 Nxc4 16. Bxc4 Bxd1 17. Nf5 gxf5 18. Qxd1 Qd4 19. Bxf7+ Kxf7 20. Qxh5+ Kg8 21. Be3 Qf6 22. exf5 d5 23. Bd2 Rxe1+ 24. Bxe1 Rf8 25. g4 Qd4 26. Kg2 Qe5 27. Kf1 d4 0-1